Random Base Conversion - Decimal to Octal - Statistics

General Stats
  • This quiz has been taken 27 times
  • The average score is 11 of 20
Answer Stats
Decimal Octal % Correct
71 107
100%
9 11
100%
72 110
100%
78 116
100%
79 117
100%
10 12
100%
82 122
100%
84 124
100%
11 13
100%
90 132
100%
93 135
100%
94 136
100%
95 137
100%
13 15
100%
111 157
100%
112 160
100%
114 162
100%
117 165
100%
120 170
100%
121 171
100%
124 174
100%
2 2
100%
142 216
100%
143 217
100%
155 233
100%
156 234
100%
157 235
100%
162 242
100%
164 244
100%
24 30
100%
201 311
100%
26 32
100%
27 33
100%
217 331
100%
220 334
100%
221 335
100%
28 34
100%
224 340
100%
227 343
100%
29 35
100%
232 350
100%
238 356
100%
30 36
100%
241 361
100%
250 372
100%
34 42
100%
37 45
100%
45 55
100%
6 6
100%
50 62
100%
51 63
100%
53 65
100%
59 73
100%
237 355
67%
73 111
50%
75 113
50%
88 130
50%
109 155
50%
144 220
50%
160 240
50%
187 273
50%
193 301
50%
197 305
50%
199 307
50%
207 317
50%
212 324
50%
218 332
50%
223 337
50%
233 351
50%
4 4
50%
42 52
50%
63 77
50%
97 141
33%
127 177
33%
226 342
33%
249 371
33%
0 0
0%
1 1
0%
8 10
0%
64 100
0%
65 101
0%
66 102
0%
67 103
0%
68 104
0%
69 105
0%
70 106
0%
74 112
0%
76 114
0%
77 115
0%
80 120
0%
81 121
0%
83 123
0%
85 125
0%
86 126
0%
87 127
0%
89 131
0%
91 133
0%
92 134
0%
12 14
0%
96 140
0%
98 142
0%
99 143
0%
100 144
0%
101 145
0%
102 146
0%
103 147
0%
104 150
0%
105 151
0%
106 152
0%
107 153
0%
108 154
0%
110 156
0%
14 16
0%
113 161
0%
115 163
0%
116 164
0%
118 166
0%
119 167
0%
15 17
0%
122 172
0%
123 173
0%
125 175
0%
126 176
0%
16 20
0%
128 200
0%
129 201
0%
130 202
0%
131 203
0%
132 204
0%
133 205
0%
134 206
0%
135 207
0%
17 21
0%
136 210
0%
137 211
0%
138 212
0%
139 213
0%
140 214
0%
141 215
0%
18 22
0%
145 221
0%
146 222
0%
147 223
0%
148 224
0%
149 225
0%
150 226
0%
151 227
0%
19 23
0%
152 230
0%
153 231
0%
154 232
0%
158 236
0%
159 237
0%
20 24
0%
161 241
0%
163 243
0%
165 245
0%
166 246
0%
167 247
0%
21 25
0%
168 250
0%
169 251
0%
170 252
0%
171 253
0%
172 254
0%
173 255
0%
174 256
0%
175 257
0%
22 26
0%
176 260
0%
177 261
0%
178 262
0%
179 263
0%
180 264
0%
181 265
0%
182 266
0%
183 267
0%
23 27
0%
184 270
0%
185 271
0%
186 272
0%
188 274
0%
189 275
0%
190 276
0%
191 277
0%
3 3
0%
192 300
0%
194 302
0%
195 303
0%
196 304
0%
198 306
0%
25 31
0%
200 310
0%
202 312
0%
203 313
0%
204 314
0%
205 315
0%
206 316
0%
208 320
0%
209 321
0%
210 322
0%
211 323
0%
213 325
0%
214 326
0%
215 327
0%
216 330
0%
219 333
0%
222 336
0%
225 341
0%
228 344
0%
229 345
0%
230 346
0%
231 347
0%
234 352
0%
235 353
0%
236 354
0%
239 357
0%
240 360
0%
242 362
0%
243 363
0%
244 364
0%
245 365
0%
246 366
0%
247 367
0%
31 37
0%
248 370
0%
251 373
0%
252 374
0%
253 375
0%
254 376
0%
255 377
0%
32 40
0%
33 41
0%
35 43
0%
36 44
0%
38 46
0%
39 47
0%
5 5
0%
40 50
0%
41 51
0%
43 53
0%
44 54
0%
46 56
0%
47 57
0%
48 60
0%
49 61
0%
52 64
0%
54 66
0%
55 67
0%
7 7
0%
56 70
0%
57 71
0%
58 72
0%
60 74
0%
61 75
0%
62 76
0%
No matching quizzes found
Score Distribution
Percent of People with Each Score
Percentile by Number Answered
Your Score History
You have not taken this quiz